Responses for Show #1476 - Monday, January 21, 1991

Game entered from audiorecording. Missing prizes.

Contestants

[<< previous game]

Jim Vespe, a medical and comedy writer from Mamaroneck, New York

Mary Anderson, a story editor from Santa Monica, California

Bill Dukes, a personnel manager from Claremont, California (whose 1-day cash winnings total $13,100)

[next game >>]

Jeopardy! Round responses

PEOPLE
BIRDS
THE OCCULT
MARYLAND
COLORFUL PHRASES
LEONARDO
    $100 12
Vincent Minnelli

Bill
    $100 13
pheasants

Jim
    $100 25
Venus

Bill
    $100 8
(Mary: What is Appomattox?)

Annapolis

BillMary
    $100 1
the Yellow Pages

Bill
    $100 21
the Mona Lisa

Mary
    $200 16
Julie Nixon

Jim
    $200 17
pelicans

Mary
    $200 27
the Ouija board

Bill
    $200 9
the Chesapeake

Jim
    $200 2
the greyhound

Bill
    $200 22
(Mary: What is da Vinci?)
...
(Alex: You realize it now. It means "Leonardo from [*]", the town is [*].)
[NOTE: Local lore holds that Leonardo was born in the nearby village of Anchiano, as noted in BIRTH OF AN ARTIST $400 in show #8718, aired 2022-10-12 and the Final Jeopardy! clue of primetime Celebrity Jeopardy! show #13, aired 2023-02-02.]

Vinci

Mary
Triple Stumper
    $300 11
(Bill: Who is Marcos?)
(Alex: Be more specific.)

Imelda Marcos

Bill
    $300 18
the hummingbirds

Bill
    $300 28
Hans

Jim
    $300 6
"O Tannenbaum"

Jim
    $500 3
(Bill: Ooh, I have no idea.)
...
(Alex: Bobby Vinton had a lot of songs with colors in them.)

"Roses Are Red (My Love)"

Bill
    $300 23
"David"

Bill
    $400 14
Robert Mitchum

Jim
    $400 19
(Bill: What are geese?)

grouse

Bill
Triple Stumper
    $400 29
the Curies

Jim
    $400 7
Sojourner Truth & Frederick Douglass

Bill
    $400 4
Father Brown

Mary
    $400 24
(Alex: And we have a minute left.)

"The Last Supper"

Jim
    $500 15
Morton Downey, Jr.

Triple Stumper
    $500 20
aerie

Mary
    $500 30
Iceland

Jim
    $500 10
a butterfly

Triple Stumper
    $500 5
Black Bart

Jim
    $500 26
Windsor Castle

Triple Stumper

Scores at the first commercial break (after clue 12):

Bill Mary Jim
$700 $300 $1,000

Scores at the end of the Jeopardy! Round:

Bill Mary Jim
$1,200 $900 $3,300

Double Jeopardy! Round responses

U.S. HISTORY
WORLD RELIGION
CLASSICAL MUSIC
NONFICTION
ISLANDS
COMPLETES THE PLAY TITLE
    $200 30
Pennsylvania

Jim
    $200 14
the Salvation Army

Mary
    $200 8
(Edvard) Grieg

Mary
    $200 20
Darwin

Mary
    $200 13
(Jim: What is Fiji?)

Tahiti

BillJim
    $200 1
Soup

Mary
    $400 3
Gerald Ford

Jim
    $400 16
Buddhism

Bill
    $400 9
Mozart

Mary
    $400 21
Samuel Johnson

Mary
    $400 15
Cyprus

Bill
    $400 2
(Mary: What is in Love?)

Black

MaryJim
    $600 4
copper

Bill
    $1,700 17
baptism

Bill
    $600 10
(Mary: What is "Clair de Lune"?)

"The Moonlight Sonata"

BillMary
    $600 22
(Jacques) Cousteau

Bill
    $600 25
(Alex: And we've got a minute left.)

Indonesia

Jim
    $600 5
Cope

Mary
    $800 27
Robert McNamara

Triple Stumper
    $800 18
Islam

Bill
    $800 11
Handel

Mary
    $1,500 23
(Bill: What is While England Slept?)

Why England Slept

Bill
    $800 26
the Aleutians

Jim
    $800 6
(Bill: What is Line?)

Circle

Bill
Triple Stumper
    $1000 28
Fraunces

Jim
    $1000 19
cargo cults

Bill
    $1000 12
(Arthur) Rubinstein

Mary
    $1000 24
Van Gogh

Mary
    $1000 29
(Bill: What is Superior?)

Lake Huron

Bill
Triple Stumper
    $1000 7
Leaves

Mary

Scores at the end of the Double Jeopardy! Round:

Bill Mary Jim
$4,200 $5,900 $6,500

[wagering suggestions for these scores]

Final Jeopardy! Round responses

BUSINESS & INDUSTRY
BillWho was Nobel?
$4,200
MaryWho was Nobel?
$5,900
JimWho is Farben?
$5,300
Alfred Nobel

Final scores:

Bill Mary Jim
$8,400 $11,800 $1,200
2nd place New champion: $11,800 3rd place

Game dynamics:

Coryat scores:

Bill Mary Jim
$5,100 $5,900 $6,500
19 R
(including 1 DD),
5 W
(including 2 DDs)
15 R,
4 W
16 R,
1 W

Combined Coryat: $17,500

[game clues] [game scores] [suggest correction]

Game tape date: 1990-10-15
The J! Archive is created by fans, for fans. Scraping, republication, monetization, and malicious use prohibited; this site may use cookies and collect identifying information. See terms. The Jeopardy! game show and all elements thereof, including but not limited to copyright and trademark thereto, are the property of Jeopardy Productions, Inc. and are protected under law. This website is not affiliated with, sponsored by, or operated by Jeopardy Productions, Inc. Join the discussion at JBoard.tv.